| 000 | 01044nam a2200193 4500 | ||
|---|---|---|---|
| 001 | 9267 | ||
| 090 | _a9267 | ||
| 099 | _tLIVR | ||
| 100 | _a20251120d u||y0frey5050 ba | ||
| 101 |
_aara _afre |
||
| 102 | _aTN | ||
| 200 |
_aKairouan à travers les cartes postales 1895-1940 _aالقيروان من خلال البطاقات البريدية مشاهد متقطعة 1895- 1940 _bLIVR _fIbrahim Chabbouh |
||
| 210 |
_aTunis _cAlif les éditions de la Méditerranée _d2009 |
||
| 215 |
_a156p. _ccouv.coul _d24x17cm _e[Carte postale Alif les éditions de la Méditerranée] |
||
| 225 | _aA travers les cartes postales | ||
| 606 |
_aLe grande Mosquée Oqba _xLe mausolée Abou Zama Al-Balawi _xLa mosquée d'Ibn Khayroun _xLes Bassins des aghlabides _xBarrouta _xLa ville intra-muros et extra-muros _xLes portes de la ville _xLa grand 'Rue _xLes Souks _xLa palace la Rahba _xLa Kasbah _xLes Zaouias _xDes coutumes et des tradition _xLes sépultures _924997 |
||
| 700 |
_4070 _aChabbouh _bIbrahim _924998 |
||
| 801 |
_aTN _b32BIS _c20251120 _gUNIMARC |
||
| 830 | _aMs | ||